Marina Polvay's best international recipes / (Record no. 139630)

MARC details
000 -LEADER
campo de control de longitud fija 00631nam a2200181 4500
001 - NÚMERO DE CONTROL
campo de control 139630
003 - IDENTIFICADOR DE NÚMERO DE CONTROL
campo de control ES-MaACL
005 - FECHA Y HORA DE LA ÚLTIMA TRANSACCIÓN
campo de control 20230906195847.0
007 - CAMPO FIJO DE DESCRIPCIÓN FÍSICA--INFORMACIÓN GENERAL
campo de control de longitud fija t|
008 - DATOS DE LONGITUD FIJA--INFORMACIÓN GENERAL
campo de control de longitud fija 070214n19001980sp r ||||1| spa d
100 1# - ENTRADA PRINCIPAL--NOMBRE DE PERSONA
Nombre de persona Scherbatoff, Marina Konstantinovna.
9 (RLIN) 104307
245 10 - MENCIÓN DEL TÍTULO
Título Marina Polvay's best international recipes /
Mención de responsabilidad, etc. Marina Konstantinovna Scherbatoff ; photographs by Mel Victor ; arranged... by Ilse Hannau.
260 ## - PUBLICACIÓN, DISTRIBUCIÓN, ETC.
Lugar de publicación, distribución, etc. Barcelona :
Nombre del editor, distribuidor, etc. Argos,
Fecha de publicación, distribución, etc. [19__?]
300 ## - DESCRIPCIÓN FÍSICA
Extensión 176 p., 16 lám. col. :
Otras características físicas il. ;
Dimensiones 19 cm.
700 1# - ENTRADA AGREGADA--NOMBRE PERSONAL
Nombre de persona Victor, Mel.
9 (RLIN) 114389
700 1# - ENTRADA AGREGADA--NOMBRE PERSONAL
Nombre de persona Hannau, Ilse.
9 (RLIN) 61735
852 ## - LOCALIZACIÓN
Ubicación ES-MaACL
Número de control de estantería C-50150
Sublocalización o colección R.82704
Holdings
Estatus retirado Estado de pérdida Estado de daño No para préstamo Biblioteca de origen Biblioteca actual Ubicación en estantería Fecha de adquisición Fuente de adquisición Total de préstamos Signatura topográfica completa Código de barras Visto por última vez Precio de reemplazo Tipo de ítem Koha
        Biblioteca del Ateneo de Madrid Biblioteca del Ateneo de Madrid Depósito 2 17/01/2008     C-50150 1145306 23/02/2023 23/02/2023 Libro impreso